Statistics for National Parks in the North

Click here to take the quiz!

General Stats

  • This quiz has been taken 7 times
  • The average score is 6 of 8

Answer Stats

StateAnswer% Correct
South DakotaBadlands
100%
Idaho/Montana/WyomingYellowstone
100%
MontanaGlacier
80%
WyomingGrand Teton
80%
MichiganIsle Royale
60%
North DakotaTheodore Roosevelt
60%
South DakotaWind Cave
60%
MinnesotaVoyageurs
40%

Score Distribution

Percentile by Number Answered

Percent of People with Each Score

Your Score History

You have not taken this quiz